LEADER 01115nam a2200289 u 4500 001 000000019530 003 CaOOAMICUS 005 20070226110810.0 008 940201s1964 it u000 u ita u 035 $a10470212 040 $aPUL(R)$bita 100 1 $aVella, John,$cS.I.$0(OLS)http://pul/name/17160 245 13$aLa giustizia forense di Dio /$cJohn Vella. 260 $aBrescia :$bPaideia,$c1964. 300 $a140 p. ;$c25 cm 490 1 $aRivista biblica.$aSupplementi ;$v1 500 $aComprende indici. 504 $aBibliografia: p. 127-130. 650 4$aDio$xAttributi.$0(OLS)http://pul/subject/13199 710 2 $aAssociazione biblica italiana.$0(OLS)http://pul/name/5240 830 0$aRivista biblica.$pSupplementi ;$v1.$0(OLS)http://pul/title/7358 850 $aPUL 852 $aPUL$W1$xSL Religione 1$y3$m10 I 35$j27422$nBK-PRI$b $qStampati$B27422$CPULBib$Z2$F27422 $H $81 941 1 $a8 961 $aINV: 39467. 996 $6245$aLa giustizia forense di Dio$9(OLS)http://pul/title/27671 996 $6260$aBrescia :$bPaideia$9(OLS)http://pul/publisher/47884 LEADER 01036naa a2200217 u 4500 001 000000095236 003 CaOOAMICUS 005 20070226130141.0 008 040617s1975 gw cf u000 u fre u 020 $a3777275190 035 $a11000791 040 $aIAR$bita 100 1 $aGanshof, François Louis,$d1895-$0(OLS)http://pul/name/61109 245 12$aL'Empire carolinien :$bEssence et structure /$cFrançois-Louis Ganshof. 260 $aStuttgart :$bHiersemann,$c1975. 300 $aS. 191-202 ;$c26 cm 773 0 $aGesellschaft - Kultur - Literatur : Rezeption und Originalität im Wachsen einer europäischen Literatur und Geistigkeit. 773 0 $tGesellschaft, Kultur, Literatur : Rezeption und Originalität im Wachsen einer europäischen Literatur und Geistigkeit: Beiträge Luitpold Wallach gewidmet$w()10631 996 $6020$a3777275190$9(OLS)http://pul/number/13657 996 $6245$aL'Empire carolinien :$bEssence et structure$9(OLS)http://pul/title/122109 996 $6260$aStuttgart :$bHiersemann$9(OLS)http://pul/publisher/48047